Régimen internacional del trabajo (Registro nro. 3375)
[ vista simple ]
| 000 -LEADER | |
|---|---|
| fixed length control field | 02206 a2200229 4500 |
| 001 - CONTROL NUMBER | |
| control field | 41107 |
| 005 - DATE AND TIME OF LATEST TRANSACTION | |
| control field | 20260407155705.0 |
| 008 - FIXED-LENGTH DATA ELEMENTS--GENERAL INFORMATION | |
| fixed length control field | 260407a2001 arg spa d |
| 003 - CONTROL NUMBER IDENTIFIER | |
| control field | AR-UNSa-BCEJYS |
| 040 ## - CATALOGING SOURCE | |
| Original cataloging agency | AR-UNSa-BCEJYS |
| Language of cataloging | spa |
| Transcribing agency | AR-UNSa-BCEJYS |
| 080 ## - UNIVERSAL DECIMAL CLASSIFICATION NUMBER | |
| Universal Decimal Classification number | 349.2 |
| Common auxiliary subdivision | Derecho del Trabajo |
| 020 ## - INTERNATIONAL STANDARD BOOK NUMBER | |
| International Standard Book Number | 950-894-278-9 |
| 041 ## - LANGUAGE CODE | |
| Language code of text/sound track or separate title | spa |
| 100 1# - MAIN ENTRY--PERSONAL NAME | |
| Personal name | Fernández Pardo, Carlos Alberto |
| 245 10 - TITLE STATEMENT | |
| Title | Régimen internacional del trabajo |
| Name of part/section of a work | la OIT en la política mundial |
| 264 #1 - PRODUCTION, PUBLICATION, DISTRIBUTION, MANUFACTURE, AND COPYRIGHT NOTICE | |
| Place of production, publication, distribution, manufacture | Buenos Aires : |
| Name of producer, publisher, distributor, manufacturer | AD-HOC |
| Date of production, publication, distribution, manufacture, or copyright notice | 2001 |
| 300 ## - PHYSICAL DESCRIPTION | |
| Extent | 414 p. |
| Dimensions | 23 cm. |
| 505 ## - FORMATTED CONTENTS NOTE | |
| Formatted contents note | PARTE PRIMERA: Las condiciones de emergencia de la organización internacional del trabajo. 1. La hegemonía inestable en la paz de Versalles - 2. La OIT en el nuevo sistema internacional: esquema de congruencia --PARTE SEGUNDA: La OIT ante la guerra fría y el proceso de descolonización. 1. El conflicto de los sistemas sociales: congruencia y perturbaciones de la guerra fría - 2. La estabilidad ideológica en el régimen sociolaboral: argumentos y pretensiones - 3. Problemas, debates y administración del régimen sociolaboral - 4. El problema de la descolonización y las normas sociolaborales -- PARTE TERCERA: Régimen internacional del trabajo y el desafío del desarrollo económico - 1. La OIT ante la problemática del desarrollo económico y social - 2. La formación de la agenda sociolaboral - 3. Nacionalismo y universalismo en la OIT: a propósito del desarrollo - 4. La asistencia técnica: condiciones y procedimientos - 5. La pulsión regionalista y sus pretensiones - 6. La OIT en el inicio de la crisis económica internacional --CUARTA PARTE: El régimen sociolaboral de la OIT y las empresas multinacionales. 1. Estructura e influencias económicas en el sistema internacional - 2. La constitución del "cuarto actor" en el régimen sociolaboral - 3. Las evasiones del poder económico y la institucionalización de los nuevos actores - 4. El "cuarto actor" en la agenda sociolaboral - 5. Globalización y disipación del régimen internacional de la OIT |
| 590 ## - LOCAL NOTE (RLIN) | |
| Local note | niveau_biblio:m niveau_hierar:0 |
| 856 41 - ELECTRONIC LOCATION AND ACCESS | |
| Uniform Resource Identifier | <a href="https://biblioeco.unsa.edu.ar/pmb/images/libros/L126368.jpg">https://biblioeco.unsa.edu.ar/pmb/images/libros/L126368.jpg</a> |
| Link text | Imagen de portada |
| Electronic format type | image/jpeg |
| 942 ## - ADDED ENTRY ELEMENTS (KOHA) | |
| Koha item type | |
| Withdrawn status | Lost status | Damaged status | Not for loan | Home library | Current library | Shelving location | Date acquired | Total checkouts | Full call number | Barcode | Date last seen | Price effective from | Koha item type |
|---|---|---|---|---|---|---|---|---|---|---|---|---|---|
| Biblioteca Prof. Eusebio Cleto del Rey | Biblioteca Prof. Eusebio Cleto del Rey | 07/04/2026 | 349.2 F362 | L126368 | 07/04/2026 | 07/04/2026 | Libro |